书目信息 |
| 题名: |
统计与数据分析基础
|
|
| 作者: | 谢文芳 , 胡莹 , 段俊 主编 | |
| 分册: | ||
| 出版信息: | 北京 人民邮电出版社 2021.03 |
|
| 页数: | 239页 | |
| 开本: | 26cm | |
| 丛书名: | 智慧商业创新型人才培养系列教材 | |
| 单 册: | ||
| 中图分类: | O212.1 | |
| 科图分类: | ||
| 主题词: | 统计数据--tong ji shu ju--统计分析--教材 | |
| 电子资源: | ||
| ISBN: | 978-7-115-55548-9 | |
| 000 | 01224nam 2200313 450 | |
| 001 | 0100028497 | |
| 005 | 20211025120159.0 | |
| 010 | @a978-7-115-55548-9@dCNY49.80 | |
| 100 | @a20210326d2021 em y0chiy50 ea | |
| 101 | 0 | @achi |
| 102 | @aCN@b110000 | |
| 105 | @aa z 000yy | |
| 106 | @ar | |
| 200 | 1 | @a统计与数据分析基础@Atong ji yu shu ju fen xi ji chu@f谢文芳, 胡莹, 段俊主编 |
| 210 | @a北京@c人民邮电出版社@d2021.03 | |
| 215 | @a239页@c图@d26cm | |
| 225 | 2 | @a智慧商业创新型人才培养系列教材@Azhi hui shang ye chuang xin xing ren cai pei yang xi lie jiao cai |
| 300 | @a微课版 | |
| 312 | @a英文题名取自封面 | |
| 330 | @a本书主要介绍了统计与数据分析的基本知识、数据采集的操作、数据采集后的清洗加工操作、描述性统计分析、抽样估计分析、统计指数分析、相关与回归分析、时间序列分析、数据可视化展现, 以及编制数据分析报告等内容。 | |
| 410 | 0 | @12001 @a智慧商业创新型人才培养系列教材 |
| 510 | 1 | @aFundamentals of statistics and data analysis@zeng |
| 606 | 0 | @a统计数据@Atong ji shu ju@x统计分析@j教材 |
| 690 | @aO212.1@v5 | |
| 701 | 0 | @a谢文芳@Axie wen fang@4主编 |
| 701 | 0 | @a胡莹@Ahu ying@4主编 |
| 701 | 0 | @a段俊@Aduan jun@4主编 |
| 801 | 0 | @aCN@c20210909 |
| 905 | @a河南城建学院图书馆@dO212.1@eX471 | |
| 统计与数据分析基础/谢文芳, 胡莹, 段俊主编.-北京:人民邮电出版社,2021.03 |
| 239页:图;26cm.-(智慧商业创新型人才培养系列教材) |
| 微课版 |
| ISBN 978-7-115-55548-9:CNY49.80 |
| 本书主要介绍了统计与数据分析的基本知识、数据采集的操作、数据采集后的清洗加工操作、描述性统计分析、抽样估计分析、统计指数分析、相关与回归分析、时间序列分析、数据可视化展现, 以及编制数据分析报告等内容。 |
| ● |
| 相关链接 |
|
|
|
正题名:统计与数据分析基础
索取号:O212.1/X471
 
预约/预借
| 序号 | 登录号 | 条形码 | 馆藏地/架位号 | 状态 | 备注 |
| 1 | 1545467 | 215454675 | 自科库401/401自科库 77排1列3层/ [索取号:O212.1/X471] | 在馆 | |
| 2 | 1545468 | 215454684 | 自科库401/401自科库 77排1列3层/ [索取号:O212.1/X471] | 在馆 |